ბათუმის შოთა რუსთაველის სახელმწიფო უნივერსიტეტის ბიბლიოთეკა

Теории личности=Personality Theories:Основные положения,исследования и применение. (ბიბ.ჩანაწერი № 44288)

000 -LEADER
fixed length control field 00812nam a2200241Ia 4500
001 - CONTROL NUMBER
control field 11046
003 - CONTROL NUMBER IDENTIFIER
control field GE_BSU
008 - FIXED-LENGTH DATA ELEMENTS--GENERAL INFORMATION
fixed length control field 181216s||||||||xx |||||||||||||| ||und||
020 ## - INTERNATIONAL STANDARD BOOK NUMBER
International Standard Book Number 9785496000307
040 ## - CATALOGING SOURCE
Transcribing agency GE_BSU
080 ## - UNIVERSAL DECIMAL CLASSIFICATION NUMBER
Universal Decimal Classification number 159.9
100 ## - MAIN ENTRY--PERSONAL NAME
Personal name Хьелл,Л.
245 ## - TITLE STATEMENT
Title Теории личности=Personality Theories:Основные положения,исследования и применение.
245 ## - TITLE STATEMENT
Statement of responsibility, etc. Нлучные ред.Ю.Ковалев и др.
250 ## - EDITION STATEMENT
Edition statement 3-е изд.
260 ## - PUBLICATION, DISTRIBUTION, ETC.
Place of publication, distribution, etc. Москва
260 ## - PUBLICATION, DISTRIBUTION, ETC.
Name of publisher, distributor, etc. Питер.
260 ## - PUBLICATION, DISTRIBUTION, ETC.
Date of publication, distribution, etc. 2013.
300 ## - PHYSICAL DESCRIPTION
Extent 607стр,илл,24см.
653 ## - INDEX TERM--UNCONTROLLED
Uncontrolled term Теории личности=Personality Theories:Основные положения,исследования и применение.
942 ## - ADDED ENTRY ELEMENTS (KOHA)
Koha item type წიგნი
ეგზემპლარები
Withdrawn status Lost status Damaged status Not for loan Date acquired Barcode Date last seen Price effective from Koha item type
        2018-12-17 35374 2018-12-17 2018-12-17 წიგნი
        2018-12-17 35375 2018-12-17 2018-12-17 წიგნი